Southville International School and Colleges
Your cart is empty.
  • Cart
  • Lists
    Public lists Eva Luna New books Lux_list list_1
    Your lists Log in to create your own lists
  • Log in to your account
  • Your cookies
  • Search history
Southville International School and Colleges
  • Advanced search
  • Recent comments
  • Most popular
  • Libraries

Log in to your account

Log in with GOOGLE


If you do not have an external account, but do have a local account, you can still log in:

  1. Home
  2. MARC view: The unbearable lightness of being
Normal view MARC view ISBD view

The unbearable lightness of being (Record no. 9776)

[ view plain ]
MARC details
000 -LEADER
fixed length control field 00570nam a22001937a 4500
003 - CONTROL NUMBER IDENTIFIER
control field OSt
005 - DATE AND TIME OF LATEST TRANSACTION
control field 20160120151820.0
008 - FIXED-LENGTH DATA ELEMENTS--GENERAL INFORMATION
fixed length control field 130122t xxu||||| |||| 00| 0 eng d
020 ## - INTERNATIONAL STANDARD BOOK NUMBER
International Standard Book Number 9780060932138
050 ## - LIBRARY OF CONGRESS CALL NUMBER
Classification number PG 5039.21.U6
Item number .K9621999
082 ## - DEWEY DECIMAL CLASSIFICATION NUMBER
Classification number HS 808.3
Item number KU95 1984
100 ## - MAIN ENTRY--PERSONAL NAME
Personal name Kundera, Milan
9 (RLIN) 1050
245 ## - TITLE STATEMENT
Title The unbearable lightness of being
Statement of responsibility, etc Milan Kundera ;
260 ## - PUBLICATION, DISTRIBUTION, ETC. (IMPRINT)
Place of publication, distribution, etc New York, NY :
Name of publisher, distributor, etc Harperperennial Modern Classics,
Date of publication, distribution, etc 1984.
300 ## - PHYSICAL DESCRIPTION
Extent 314 p. ;
Dimensions 22 cm.
650 ## - SUBJECT ADDED ENTRY--TOPICAL TERM
Topical term or geographic name as entry element Fiction
General subdivision Novels; stories.
9 (RLIN) 15023
942 ## - ADDED ENTRY ELEMENTS (KOHA)
Source of classification or shelving scheme Library of Congress Classification
Koha item type Books
Holdings
Withdrawn status Lost status Source of classification or shelving scheme Damaged status Home library Current library Shelving location Date acquired Total Checkouts Full call number Barcode Date last seen Copy number Price effective from Koha item type
    Library of Congress Classification   Luxembourg Library Luxembourg Library High School Section 08/29/2013   PG 5039.21.U6 .K962 1999 16423 08/29/2013 1 08/29/2013 Books

The unbearable lightness of being

APA

Kundera M., . (1984). The unbearable lightness of being. New York, NY: Harperperennial Modern Classics.

Chicago

Kundera Milan, . 1984. The unbearable lightness of being. New York, NY: Harperperennial Modern Classics.

Harvard

Kundera M., . (1984). The unbearable lightness of being. New York, NY: Harperperennial Modern Classics.

MLA

Kundera Milan, . The unbearable lightness of being. New York, NY: Harperperennial Modern Classics. 1984.

  • Place hold
  • Print
  • Cite
  • Add to your cart (remove)
  • Save record
    BIBTEX Dublin Core MARCXML MARC (non-Unicode/MARC-8) MARC (Unicode/UTF-8) MARC (Unicode/UTF-8, Standard) MODS (XML) RIS
  • More searches
    Search for this title in:
    Other Libraries (WorldCat) Other Databases (Google Scholar) Online Stores (Bookfinder.com) Open Library (openlibrary.org)

Exporting to Dublin Core...

SOUTHVILLE LIBRARY

Southville International School and Colleges Library

1281 Tropical Ave. Cor. Luxembourg St., BF Homes International, Las Pinas City

Tel. No. 8256374 / 252358 Loc. 117/146

Powered by Koha